000 00280nam a2200133Ia 4500
100 _aSubbiah K.
942 _cBK
654 _aFitten.
245 _aFitten tools & practice II
260 _bM/s L.S. Bedi & Sons.
_c2001
082 _a621.9
300 _a160
546 _aENGLISH
999 _c30675
_d30675